书目信息 |
| 题名: |
诉讼·仲裁·公证·执行·律师收费手册
|
|
| 作者: | 罗书平 主编 | |
| 分册: | ||
| 出版信息: | 北京 中国民主法制出版社 2002.11 |
|
| 页数: | 176页 | |
| 开本: | 20cm | |
| 丛书名: | ||
| 单 册: | ||
| 中图分类: | D926-44 | |
| 科图分类: | ||
| 主题词: | 司法--中国--问答 | |
| 电子资源: | ||
| ISBN: | 7-80078-696-X | |
| 000 | 01164nam0 22002412 4550 | |
| 001 | 192004004507 | |
| 005 | 20070911095934.57 | |
| 010 | @a7-80078-696-X@dCNY15.00 | |
| 100 | @a20070604d2002 ekmy0chiy0121 ea | |
| 101 | 0 | @achi |
| 102 | @aCN@b110000 | |
| 105 | @ay z 000yy | |
| 200 | 1 | @a诉讼·仲裁·公证·执行·律师收费手册@Asu song· zhong cai· gong zheng· zhi xing· lv shi shou fei shou ce@f罗书平主编 |
| 210 | @a北京@c中国民主法制出版社@d2002.11 | |
| 215 | @a176页@d20cm | |
| 300 | @a其他题名:诉讼仲裁公证执行律师收费手册 | |
| 330 | @a将诉讼、仲载、公证、执行和律师收费的依据、范围、标准等规范性文件公之于众,让收费的依据和收费的内容都走向“阳光”,使社会公众都能够学习和掌握它,促使司法机关和其他部门严格依法办事,实现司法公正。| 本书是一本老百姓和法律工作者真正实用和需要的权威读本。你想维护自身的合法权益、你想真正了解有关收费规定吗,请阅读——《诉讼·仲裁·公证·执行·律师收费手册》。 | |
| 517 | 1 | @a诉讼仲裁公证执行律师收费手册@Asu song zhong cai gong zheng zhi xing lv shi shou fei shou ce |
| 606 | 0 | @a司法@y中国@j问答 |
| 690 | @aD926-44@v4 | |
| 701 | 0 | @a罗书平@Aluo shu ping@4主编 |
| 801 | 0 | @aCN@c20070911 |
| 905 | @dD926-44@eL954 | |
| 诉讼·仲裁·公证·执行·律师收费手册/罗书平主编.-北京:中国民主法制出版社,2002.11 |
| 176页;20cm |
| 其他题名:诉讼仲裁公证执行律师收费手册 |
| ISBN 7-80078-696-X:CNY15.00 |
| 将诉讼、仲载、公证、执行和律师收费的依据、范围、标准等规范性文件公之于众,让收费的依据和收费的内容都走向“阳光”,使社会公众都能够学习和掌握它,促使司法机关和其他部门严格依法办事,实现司法公正。| 本书是一本老百姓和法律工作者真正实用和需要的权威读本。你想维护自身的合法权益、你想真正了解有关收费规定吗,请阅读——《诉讼·仲裁·公证·执行·律师收费手册》。 |
| ● |
| 相关链接 |
|
|
|
正题名:诉讼·仲裁·公证·执行·律师收费手册
索取号:D926-44/L954
 
预约/预借
| 序号 | 登录号 | 条形码 | 馆藏地/架位号 | 状态 | 备注 |
| 1 | 616944 | 206169448 | 社科库509/509社科库 104排1列3层/ [索取号:D926-44/L954] | 在馆 | |
| 2 | 616945 | 206169457 | 社科库509/509社科库 104排1列3层/ [索取号:D926-44/L954] | 在馆 | |
| 3 | 616946 | 206169466 | 社科库509/509社科库 104排1列3层/ [索取号:D926-44/L954] | 在馆 |